Tous les clubs victimes d'Harry Kane - Statistiques

Statistiques générales
  • Ce quiz a été pris 31 fois
    8 depuis la dernière actualisation
  • Le résultat moyen est 31 sur 103
Statistiques - réponses
fPays Club % Correct
France AS Monaco 1
100%
Angleterre Arsenal 15
80%
Angleterre Aston Villa 8
80%
Angleterre Chelsea 10
80%
Angleterre Liverpool 9
80%
Angleterre Manchester City 5
80%
Angleterre Manchester United 6
80%
France Paris Saint-Germain 2
80%
Angleterre West Ham 11
80%
Allemagne Borussia Dortmund 10
60%
Angleterre Bournemouth 7
60%
Espagne FC Barcelone 2
60%
Turquie Galatasaray 3
60%
Italie Inter Milan 1
60%
Italie Juventus 1
60%
Angleterre Leeds United 5
60%
Angleterre Leicester City 20
60%
Pays-Bas PSV Eindhoven 4
60%
Chypre AEL Limassol 2
40%
Italie Atalanta Bergame 2
40%
Allemagne Bayer Leverkusen 5
40%
Allemagne Bayern Munich 1
40%
Angleterre Blackburn Rovers 1
40%
Argentine Boca Juniors 1
40%
Allemagne Borussia Mönchengladbach 3
40%
Angleterre Brighton 10
40%
Ecosse Celtic Glasgow 1
40%
Angleterre Crystal Palace 11
40%
Croatie Dinamo Zagreb 6
40%
Allemagne Eintracht Francfort 6
40%
Angleterre Everton 16
40%
Allemagne FC Augsbourg 7
40%
Allemagne FC Cologne 6
40%
Brésil Flamengo 2
40%
Allemagne Hambourg 3
40%
Allemagne Hoffenheim 8
40%
Allemagne Mayence 05 6
40%
Angleterre Newcastle 10
40%
Angleterre Nottingham Forest 5
40%
Grèce Olympiakos 3
40%
Espagne Real Madrid 3
40%
Allemagne SC Fribourg 3
40%
Angleterre Sheffield United 2
40%
Angleterre Southampton 12
40%
Angleterre Swansea United 3
40%
Allemagne Union Berlin 6
40%
Allemagne VfB Stuttgart 11
40%
Allemagne VfL Wolfsburg 2
40%
Allemagne Werder Brême 8
40%
Angleterre West Bromwich 9
40%
Angleterre Wolverhampton 5
40%
Belgique Anderlecht 1
20%
Chypre APOEL Nicosie 3
20%
Turquie Besiktas 1
20%
Angleterre Burnley 10
20%
Angleterre Cardiff 1
20%
Belgique Club Bruges 1
20%
Russie CSKA Moscou 1
20%
Serbie Etoile Rouge Belgrade 2
20%
Allemagne FC Heidenheim 5
20%
Chypre FC Pafos 2
20%
Allemagne FC Sankt-Pauli 1
20%
Angleterre Fulham 8
20%
Allemagne Holstein Kiel 5
20%
Angleterre Hull City 6
20%
Italie Lazio Rome 2
20%
Bulgarie Lokomotiv Plovdiv 1
20%
Bulgarie Ludogorets 1
20%
Israël Maccabi Haïfa 3
20%
Azerbaïdjan Qarabag 1
20%
Allemagne RB Leipzig 7
20%
Angleterre Sheffield Wedsneday 1
20%
Slovaquie Slovan Bratislava 1
20%
Angleterre Stoke City 10
20%
Angleterre Sunderland 3
20%
Allemagne VfL Bochum 5
20%
Grèce Asteras Aktor Tripolis 4
0%
Angleterre Blackpool 1
0%
Angleterre Brentford 2
0%
Angleterre Bristol Rovers 2
0%
Angleterre Doncaster Rovers 1
0%
Angleterre FC Dagenham & Redbridge 2
0%
Angleterre FC Morecambe 1
0%
Angleterre FC Portsmouth 2
0%
Angleterre FC Walsall 1
0%
Angleterre Huddersfield 5
0%
Angleterre Middlesbrough 1
0%
Angleterre Newport County 1
0%
Angleterre Norwich City 6
0%
Slovénie NS Mura 4
0%
Portugal Paços de Ferreira 2
0%
Angleterre Peterborough 1
0%
Angleterre Queens Park Rangers 2
0%
Angleterre Rochdale 1
0%
Irlande Shamrock Rovers 1
0%
Macédoine du Nord Shkendija Tetovo 1
0%
Allemagne SSV Ulm 1
0%
Allemagne SV Darmstadt 4
0%
Angleterre Tranmere Rovers 1
0%
Belgique Union Saint-Gilloise 2
0%
Angleterre Watford 4
0%
Allemagne Wehen Wiesbaden 2
0%
Angleterre Wimbledon 2
0%
Aucun quiz correspondant
Distribution des résultats
% des personnes avec chaque résultat
Percentile par nombre de réponses
Votre historique - résultats
Vous n’avez pas pris ce quiz depuis la dernière actualisation